Маркетинговые исследования: учебник для бакалавров

Λεπτομέρειες βιβλιογραφικής εγγραφής
Κύριος συγγραφέας: Коротков А. В. Анатолий Владимирович
Περίληψη:Всесторонне и полно изложено содержание маркетинговых исследований. Рассмотрена методология маркетинга с перечислением и систематизацией ее составных элементов. Показана роль маркетинговых исследований в методологии и системе маркетинга. Представлена характеристика различных методов сбора первичной информации, определены основные типы вопросов анкеты. Приведены разнообразные маркетинговые и статистические методы и модели, предназначенные для решения наиболее распространенных задач маркетинговых исследований. Содержится характеристика применения методов прогнозирования рыночных процессов. Даны рекомендации по применению средств обработки данных. Изложены основы организации и систематизированы направления и задачи маркетинговых исследований, рассмотрены творческие методы поиска идей и принятия решений. Имеется подробный глоссарий. Соответствует Федеральному государственному образовательному стандарту высшего профессионального образования третьего поколения.
Γλώσσα:Ρωσικά
Έκδοση: Москва, Юрайт, 2012
Έκδοση:2-е изд., перераб. и доп.
Σειρά:Бакалавр. Базовый курс
Θέματα:
Μορφή: MixedMaterials Βιβλίο
KOHA link:https://koha.lib.tpu.ru/cgi-bin/koha/opac-detail.pl?biblionumber=242232

MARC

LEADER 00000nam0a2200000 4500
001 242232
005 20231101231859.0
010 |a 9785991617956 
035 |a (RuTPU)RU\TPU\book\263533 
035 |a RU\TPU\book\120382 
090 |a 242232 
100 |a 20070315d2012 m y0rusy50 ca 
101 0 |a rus 
102 |a RU 
105 |a y j 001zy 
200 1 |a Маркетинговые исследования  |e учебник для бакалавров  |f А. В. Коротков 
205 |a 2-е изд., перераб. и доп. 
210 |a Москва  |c Юрайт  |d 2012 
215 |a 591 с. 
225 1 |a Бакалавр. Базовый курс 
320 |a Библиогр.: с. 588-591. 
330 |a Всесторонне и полно изложено содержание маркетинговых исследований. Рассмотрена методология маркетинга с перечислением и систематизацией ее составных элементов. Показана роль маркетинговых исследований в методологии и системе маркетинга. Представлена характеристика различных методов сбора первичной информации, определены основные типы вопросов анкеты. Приведены разнообразные маркетинговые и статистические методы и модели, предназначенные для решения наиболее распространенных задач маркетинговых исследований. Содержится характеристика применения методов прогнозирования рыночных процессов. Даны рекомендации по применению средств обработки данных. Изложены основы организации и систематизированы направления и задачи маркетинговых исследований, рассмотрены творческие методы поиска идей и принятия решений. Имеется подробный глоссарий. Соответствует Федеральному государственному образовательному стандарту высшего профессионального образования третьего поколения. 
606 1 |a Маркетинг  |2 stltpush  |3 (RuTPU)RU\TPU\subj\41036  |9 60857 
610 1 |a экономика 
610 1 |a маркетинговые исследования 
610 1 |a методология 
610 1 |a направления 
610 1 |a задачи 
610 1 |a статистический анализ 
610 1 |a экспертное оценивание 
610 1 |a продукт 
610 1 |a конкурентный анализ 
610 1 |a распределение 
610 1 |a неравномерность 
610 1 |a сигментация 
610 1 |a позиционирование 
610 1 |a стратегический анализ 
610 1 |a классификации 
610 1 |a эластичность 
610 1 |a взаимосвязь 
610 1 |a управление 
610 1 |a планирование 
610 1 |a творческие методы 
610 1 |a принятие решений 
610 1 |a учебные пособия 
686 |a У9(2)212.4я73  |v LBC/SL-A  |2 rubbk 
700 1 |a Коротков  |b А. В.  |g Анатолий Владимирович 
801 1 |a RU  |b 63413507  |c 20130828 
801 2 |a RU  |b 63413507  |c 20150519  |g RCR 
900 |a Маркетинговые исследования 
942 |c BK 
952 |b 080100 
959 |a 117/20130828  |d 2  |e 469,00  |f ЧЗГЛ:1  |f АНЛ:1